00543nam a2200157Ia 4500008004100000100001700041245009100058245001700149260005900166260000900225650001800234650001500252856002600267999001900293952007300312170221s9999 xx 000 0 und d aMarla Koonin aManaging Risk, Reputation and Identity of Young Adults in a Social Media Environment  cMarla Koonin bOnline Journal of Communication and Media Technologies c2016 xCommunication xMedia Arts uhttp://www.ojcmt.net/ c309149d309149 001040aCLbCLd2017-02-21l0r2017-02-21 00:00:00w2017-02-21yFOJ